| 000 | 01388pam a2200397 i 4500 | ||
|---|---|---|---|
| 001 | 768714001 | ||
| 003 | CO-MdFUSB | ||
| 005 | 20220701155558.0 | ||
| 007 | ta | ||
| 008 | 940422t1995 enk b 001 0 eng | ||
| 020 | _a0415077516 | ||
| 020 | _a0415118999 | ||
| 040 |
_aDLC _cCO-MdFUSB _dUKM _dUtOrBLW _bspa _erda |
||
| 041 | _aeng | ||
| 082 |
_223 _a801.95092 _bD414 |
||
| 100 | 1 |
_aDentith, Simon. _eautor |
|
| 245 | 1 | 0 |
_aBakhtinian thought : _ban introductory reader / _cSimon Dentith. |
| 264 | 1 |
_aLondon ; _aNew York : _bRoutledge, _c[1995] |
|
| 264 | 4 | _c[1995] | |
| 300 |
_a265 pages ; _c25 cm. |
||
| 336 |
_2rdacontent _atexto _btxt |
||
| 337 |
_2rdamedia _asin mediación _bn |
||
| 338 |
_2rdacarrier _avolumen _bnc |
||
| 490 | 1 | _aCritical readers in theory and practice. | |
| 504 | _aIncluye referencias bibliográficas (páginas 260-261) e índice. | ||
| 505 | _aResumen de los escritos de Bajtín y su círculo. -- Introducción -- Voloshinov y Bajtín sobre el lenguaje -- Bajtín sobre la novela -- El carnaval de Bajtín -- Bajtín y la crítica contemporánea. | ||
| 563 | _aRústico | ||
| 600 | 1 | 0 |
_aBakhtin, M. M. _d1895-1975. |
| 653 | _aFilología | ||
| 653 | _aRusia -- Siglo XX. | ||
| 653 | _aCrítica -- Unión Soviética. | ||
| 830 | 0 | _aCritical readers in theory and practice. | |
| 942 | _cBK | ||
| 945 | _aJTF-925 | ||
| 999 |
_c67470 _d67470 |
||